00966nas a2200277Ia 4500001001600000003001000016008004100026040002500067041001300092100001900105210001800124222001800142245004200160250001100202260000900213501012300222300001400345362003000359500004200389650002200431700001100453942000700464957000600471999003300477952017800510A03/R024-47913 IT-MiCISF161014c99999999xx |||||||||||| ||und|| aIT-MiCISFcIT-MiCISF aITALIANO aNovara Daniele aFamiglia oggi aFamiglia oggi 0aUn glossario dal conflitto al perdono a1a ed. c2010 bCISF - Centro Internazionale Studi Famiglia - Via Giotto, 36 20145 MILANO (non commercial uses only)cCopyright 2016 app. 45-57 an. 2, marzo-aprile [2010] a Tema: persona, conflitto, mediazione apersonavarticolo aAA.VV. cCR 71 a47913bSig1c234379d234379 0010406A_03_000000000000000_R0244791371aCISFbCISFd2016-10-14l0oA03/R024-47913 r2016-10-14 00:00:00w2016-10-14yCRzData import 15.10.2016 / by Epidotti, Vaglietti